Proceedings. (Record no. 85362)

MARC details
000 -LEADER
fixed length control field 00800cam a2200253 4500
001 - CONTROL NUMBER
control field sa 68013810
003 - CONTROL NUMBER IDENTIFIER
control field DLC
005 - DATE AND TIME OF LATEST TRANSACTION
control field 20260227112626.0
008 - FIXED-LENGTH DATA ELEMENTS--GENERAL INFORMATION
fixed length control field 691209s1966 ii 100 0 eng
010 ## - LIBRARY OF CONGRESS CONTROL NUMBER
LC control number sa 68013810
025 ## - OVERSEAS ACQUISITION NUMBER
Overseas acquisition number PL480:I-E-10208
040 ## - CATALOGING SOURCE
Original cataloging agency DLC
Transcribing agency DLC
Modifying agency DLC
050 00 - LIBRARY OF CONGRESS CALL NUMBER
Classification number HD9886.I42
Item number S9 1966
082 00 - DEWEY DECIMAL CLASSIFICATION NUMBER
Classification number 338.4/7/6770954
111 2# - MAIN ENTRY--MEETING NAME
Meeting name or jurisdiction name as entry element Symposium on How Can the Textile Industry Reduce its Imports and Increase its Exports,
Location of meeting Ahmedabad,
Date of meeting or treaty signing 1966.
245 00 - TITLE STATEMENT
Title Proceedings.
260 ## - PUBLICATION, DISTRIBUTION, ETC.
Place of publication, distribution, etc. [Ahmedabad]
Name of publisher, distributor, etc. Ahmedabad Textile Industry's Research Association
Date of publication, distribution, etc. [1966]
300 ## - PHYSICAL DESCRIPTION
Extent 46 p.
Dimensions 26 cm.
350 ## - PRICE (NR) (BK AM CF MU VM SE) [OBSOLETE]
Price 8.00
500 ## - GENERAL NOTE
General note Cover title.
650 #0 - SUBJECT ADDED ENTRY--TOPICAL TERM
Topical term or geographic name entry element Textile industry
Geographic subdivision India.
650 #0 - SUBJECT ADDED ENTRY--TOPICAL TERM
Topical term or geographic name entry element Cotton trade
Geographic subdivision India.
710 2# - ADDED ENTRY--CORPORATE NAME
Corporate name or jurisdiction name as entry element Ahmedabad Textile Industry's Research Association.

No items available.

Powered by Koha